Detalles MARC
| 000 -LEADER |
| campo de control de longitud fija |
02062cam a22003134i 4500 |
| 003 - IDENTIFICADOR DE NÚMERO DE CONTROL |
| campo de control |
PE-LiUPU |
| 005 - FECHA Y HORA DE LA ÚLTIMA TRANSACCIÓN |
| campo de control |
20250812101643.0 |
| 008 - DATOS DE LONGITUD FIJA--INFORMACIÓN GENERAL |
| campo de control de longitud fija |
1950 xxka rb 000 0 hrv d |
| 020 ## - NÚMERO INTERNACIONAL ESTÁNDAR DEL LIBRO |
| Número Internacional Estándar del Libro |
ABS-1950-10M |
| 035 ## - NÚMERO DE CONTROL DEL SISTEMA |
| Número de control de sistema |
PE-LiUPUXXXXX |
| 040 ## - FUENTE DE CATALOGACIÓN |
| Centro catalogador/agencia de origen |
PE-LiUPU |
| Lengua de catalogación |
hrv |
| Centro/agencia transcriptor |
PE-LiUPU |
| Normas de descripción |
rda |
| 041 1# - CÓDIGO DE IDIOMA |
| Código de lengua del texto/banda sonora o título independiente |
hrv |
| Código de lengua original |
heb |
| 082 04 - NÚMERO DE LA CLASIFICACIÓN DECIMAL DEWEY |
| Número de clasificación |
220.53497 |
| Cutter |
S968 |
| Número de edición |
23 |
| 245 10 - MENCIÓN DEL TÍTULO |
| Título |
Sveto pismo : |
| Resto del título |
staroga i novoga zavjeta / |
| Mención de responsabilidad, etc. |
traducido por G. J. Daničić. |
| 264 #1 - PRODUCCIÓN, PUBLICACIÓN, DISTRIBUCIÓN, FABRICACIÓN Y COPYRIGHT |
| Producción, publicación, distribución, fabricación y copyright |
Njujork ; |
| -- |
London : |
| Nombre del de productor, editor, distribuidor, fabricante |
Izdanje Britanskoga i inostranoga biblijskoga društva, |
| Fecha de producción, publicación, distribución, fabricación o copyright |
1950. |
| 300 ## - DESCRIPCIÓN FÍSICA |
| Extensión |
[xxxii], 731 páginas ; |
| Dimensiones |
22 cm |
| 336 ## - TIPO DE CONTENIDO |
| Término de tipo de contenido |
text |
| Fuente |
rdacontent |
| 337 ## - TIPO DE MEDIO |
| Nombre/término del tipo de medio |
unmediated |
| Fuente |
rdamedia |
| 338 ## - TIPO DE SOPORTE |
| Nombre/término del tipo de soporte |
volume |
| Fuente |
rdacarrier |
| 500 ## - NOTA GENERAL |
| Nota general |
Texto bíblico en croata, traducción directa del hebreo y griego. |
| 500 ## - NOTA GENERAL |
| Nota general |
Incluye índice de libros del Antiguo y Nuevo Testamento. |
| 505 0# - NOTA DE CONTENIDO CON FORMATO |
| Nota de contenido con formato |
Prva knjiga Mojsijeva -- Druga knjiga Mojsijeva -- Treća knjiga Mojsijeva -- Četvrta knjiga Mojsijeva -- Peta knjiga Mojsijeva -- Knjiga Jošue Navina -- Knjiga sudijama -- Knjiga o Ruti -- Prva knjiga Samuilova -- Druga knjiga Samuilova -- Prva knjiga o carevima -- Druga knjiga o carevima -- Prva knjiga dnevnika -- Druga knjiga dnevnika -- Knjiga Ezdrina -- Knjiga Nehemijina -- Knjiga o Esteri -- Knjiga o Jobu -- Psalmi Davidovi -- Priče Salamonove -- Pjesma nad pjesmama -- Knjiga proroka Isaije -- Knjiga proroka Jeremije -- Plač Jeremijin -- Knjiga proroka Ezekijela -- Knjiga proroka Danijela -- Knjiga proroka Ozeja -- Knjiga proroka Joela -- Knjiga proroka Amosa -- Knjiga proroka Abdije -- Knjiga proroka Jone -- Knjiga proroka Miheje -- Knjiga proroka Nauma -- Knjiga proroka Habakuka -- Knjiga proroka Sofonije -- Knjiga proroka Ageja -- Knjiga proroka Zaharije -- Knjiga proroka Malahije. |
| 630 #0 - PUNTO DE ACCESO ADICIONAL DE MATERIA--TÍTULO UNIFORME |
| Título uniforme |
Biblia. |
| Subdivisión de forma |
Versiones croatas. |
| 9 (RLIN) |
6524 |
| 700 ## - ENTRADA AGREGADA--NOMBRE PERSONAL |
| Nombre de persona |
Daničić, G. J., |
| Término indicativo de función/relación |
traductor. |
| 9 (RLIN) |
6501 |
| 700 ## - ENTRADA AGREGADA--NOMBRE PERSONAL |
| Nombre de persona |
Karadžić, Vuk Stefanović, |
| Término indicativo de función/relación |
traductor. |
| 9 (RLIN) |
6502 |
| 710 ## - ENTRADA AGREGADA--NOMBRE DE ENTIDAD CORPORATIVA |
| Nombre de entidad corporativa o nombre de jurisdicción como elemento de entrada |
British and Foreign Bible Society, |
| Término indicativo de función/relación |
editor. |
| 9 (RLIN) |
6503 |
| 942 ## - ELEMENTOS DE ENTRADA SECUNDARIOS (KOHA) |
| Fuente del sistema de clasificación o colocación |
Clasificación Decimal Dewey |
| Tipo de ítem Koha |
Libros físicos |
| 980 ## - EQUIVALENCIA O REFERENCIA-CRUZADA-MENCIÓN DE SERIE--NOMBRE DE PERSONA/TÍTULO [LOCAL, CANADÁ] |
| ID del último usuario que modificó el registro |
18226 |
| Nombre del último usuario que modificó el registro |
Jaime Vilcazán Jefe de Análisis Documental |